|
|
|
|
| LEADER |
00000cam a2200000 i 4500 |
| 001 |
1/14912 |
| 008 |
110907s2002 eng d |
| 035 |
|
|
|l 10110761
|
| 040 |
|
|
|a GR-MY-UA
|b gre
|e aacr
|
| 041 |
0 |
|
|a eng
|
| 082 |
0 |
|
|a 686.2
|2 (22)
|
| 110 |
2 |
|
|a Technical Association of the Graphic Arts.
|
| 245 |
1 |
0 |
|a 2002 proceedings :
|b [54th annual technical conference..., Asheville, North Carolina, April 14-17, 2002]
|
| 260 |
|
|
|a Rochester, NY :
|b TAGA,
|c 2002
|
| 300 |
|
|
|a 682 σ.;
|c 24 εκ.
|
| 504 |
|
|
|a Περιλαμβάνει βιβλιογραφικές παραπομπές
|
| 650 |
0 |
0 |
|a Printing
|x Congresses.
|
| 852 |
|
|
|a INST
|b SYROS
|e 20110907
|h 686.2 TEC
|p 005500002328
|q 005500002328
|t BK
|y 0
|
| 901 |
|
|
|a BIBL5-2011-2
|
| 909 |
|
|
|a Ε
|b 089170
|
| 970 |
|
|
|a ΚΟΝΤΟΥ
|b ΠΑΡΑΣΚΕΥΗ
|z 2011/09/07
|